[Event "Linz"]
[Site "Linz"]
[Date "1995.??.??"]
[Round "6"]
[White "Lechtynsky, Jiri"]
[Black "Meister, Yakov"]
[Result "1/2-1/2"]
[WhiteElo "2400"]
[BlackElo "2450"]

1.c4 e6 2.Nf3 d5 3.g3 Nf6 4.Bg2 dxc4 5.Qa4+ Nbd7 6.Qxc4 c5 7.O-O b6 8.Nd4 Ne5
9.Nc6 Nxc4 10.Nxd8 Nd5 11.Nc3 Kxd8 12.Nxd5 Bb7 13.b3 Na5 14.Ne3 Bxg2 15.Kxg2 Be7
16.Bb2 Bf6 17.Bxf6+ gxf6 18.f4 Ke7 19.d3 f5 20.Rac1 Nc6 21.Kf2 Rac8 22.Rc3 h5
23.Ng2 Nb4 24.a3 Nd5 25.Rc2 Nf6 26.Rfc1 Ng4+ 27.Kg1 Rcg8 28.h3 Nf6 29.Kf2 Rg7
30.Nh4 Rhg8 31.Rg1 Nd5 32.Kf3  1/2-1/2

[Event "Lisboa Mestres-B"]
[Site "Lisboa"]
[Date "1995.??.??"]
[Round "6"]
[White "Vitor, Antonio"]
[Black "Santos, Jose Alves"]
[Result "1-0"]
[WhiteElo "2220"]
[BlackElo "2065"]

1.c4 e6 2.Nf3 d5 3.d4 c6 4.Qc2 Nf6 5.g3 Nbd7 6.Bg2 Ne4 7.O-O Ndf6 8.Ne5 h6
9.Be3 Be7 10.f3 Nd6 11.Bf2 dxc4 12.e4 O-O 13.Rd1 Qc7 14.Nxc4 Nxc4 15.Qxc4 Qb6
16.Qc2 Qa6 17.Nc3 b5 18.Bf1 Qb7 19.Rac1 Bd7 20.Be3 a5 21.Qf2 a4 22.g4 Nh7
23.Qg3 Qb8 24.f4 f5 25.e5 Kh8 26.Bg2 g6 27.Qh3 Kg7 28.Kh1 Qe8 29.Rg1 Qf7
30.gxf5 Qxf5 31.Qg3 g5 32.Rcf1 Qd3 33.Be4 Qc4 34.fxg5 Nxg5 35.Rxf8 Rxf8 36.h4 b4
37.hxg5 h5 38.g6 Rh8 39.Bg5 bxc3 40.Bf6+  1-0

[Event "POL-chT"]
[Site "Lubniewice"]
[Date "1995.??.??"]
[Round "4"]
[White "Kiedrowicz, Jan"]
[Black "Dubiel, Jacek"]
[Result "1/2-1/2"]
[WhiteElo "2340"]
[BlackElo "2360"]

1.c4 e6 2.Nf3 d5 3.g3 Nf6 4.Bg2 dxc4 5.Qa4+ Nbd7 6.Qxc4 c5 7.O-O b6 8.d4 Bb7
9.Nc3 a6 10.dxc5 b5 11.Qf4 Bxc5 12.Be3 Bxe3 13.Qxe3 b4 14.Na4 Qa5 15.b3 O-O
16.Qg5 Bd5 17.Rac1 h6  1/2-1/2

[Event "Madras zt (Women)"]
[Site "Madras"]
[Date "1995.??.??"]
[Round "6"]
[White "Navabi, Shirin"]
[Black "Gokhale, Anupama"]
[Result "0-1"]
[WhiteElo "2000"]
[BlackElo "2145"]

1.c4 e6 2.Nf3 d5 3.b3 Nf6 4.Bb2 Be7 5.g3 O-O 6.Bg2 c5 7.O-O Nc6 8.cxd5 exd5
9.d4 Re8 10.Nc3 Bg4 11.dxc5 Bxc5 12.Na4 Bf8 13.Re1 Bb4 14.Bc3 Rc8 15.a3 Bxc3
16.Nxc3 d4 17.Na2 Bxf3 18.Bxf3 Ne4 19.b4 Qf6 20.Rc1 Ng5 21.Bg2 Qf5 22.h4 Nh3+
23.Bxh3 Qxh3 24.b5 Ne5 25.Qxd4 Ng4 26.e4 Qh2+ 27.Kf1 Qh1+ 28.Ke2 Rxe4+ 29.Qe3 Rxe3+
30.fxe3 Qg2+ 31.Kd3 Rd8+  0-1

[Event "CRO-chT"]
[Site "Makarska Tucepi"]
[Date "1995.??.??"]
[Round "?"]
[White "Lalic, Bogdan"]
[Black "Dizdar, Goran"]
[Result "1-0"]
[WhiteElo "2590"]
[BlackElo "2535"]

1.c4 e6 2.Nf3 d5 3.d4 Nf6 4.Nc3 Bb4 5.Bg5 h6 6.Bxf6 Qxf6 7.Qa4+ Nc6 8.cxd5 exd5
9.e3 O-O 10.Be2 Rd8 11.O-O Bf8 12.Rfc1 a6 13.a3 Ne7 14.b4 Bg4 15.Qb3 c6 16.a4 Nf5
17.b5 Bxf3 18.Bxf3 a5 19.Qd1 g6 20.Rab1 Rab8 21.Na2 Bd6 22.Bg4 Ne7 23.Rc2 h5
24.Bh3 Kg7 25.Nc1 Qh4 26.Qf1 Qe4 27.Nd3 g5 28.g3 h4 29.g4 f5 30.Qe2 Re8 31.f3 Qe6
32.Kh1 Qf6 33.f4 gxf4 34.gxf5 Kf8 35.Qh5 Ng8 36.Rg1 Qf7 37.Rxg8+ Qxg8 38.Rg2  1-0

[Event "CRO-chT"]
[Site "Makarska Tucepi"]
[Date "1995.??.??"]
[Round "?"]
[White "Bukal, Vladimir Sr"]
[Black "Kostanjsek, Zorko"]
[Result "1-0"]
[WhiteElo "2430"]
[BlackElo "2220"]

1.c4 e6 2.Nf3 d5 3.g3 c6 4.b3 f5 5.Bg2 Nf6 6.O-O Bd6 7.Ba3 Bc7 8.d4 a5 9.Nbd2 Na6
10.Ne5 Nb4 11.Ndf3 Ne4 12.Bb2 Na6 13.a3 O-O 14.Qc2 Bd7 15.Nd3 Rc8 16.Nfe5 b5
17.Rac1 a4 18.c5 axb3 19.Qd1 Bxe5 20.Nxe5 Ra8 21.f3 Ng5 22.Qxb3 Nf7 23.Nd3 Nc7
24.Ra1 Ra4 25.Rae1 Ne8 26.Nb4 Nf6 27.Qc2 Qc7 28.Qd2 h5 29.e4 g6 30.Nd3 Raa8
31.Ne5 Kg7 32.Qf4 Qd8 33.Bc1 Rh8 34.exf5 exf5 35.Re2 h4 36.Nxf7 Kxf7 37.Rfe1 hxg3
38.hxg3 Qf8 39.Re7+ Kg8 40.Qd6 Be8 41.Qe6+  1-0

[Event "Fide Mercenarios 3th"]
[Site "MEX"]
[Date "1995.??.??"]
[Round "1"]
[White "Vazquez, Elias"]
[Black "Araiza Nieto, Victor Fernando"]
[Result "0-1"]
[WhiteElo "2000"]
[BlackElo "2115"]

1.c4 e6 2.Nf3 d5 3.g3 b6 4.Bg2 Bb7 5.cxd5 exd5 6.O-O Nf6 7.d4 Bd6 8.Nc3 O-O
9.Nb5 Be7 10.Bf4 Na6 11.Rc1 c6 12.Nc3 Nc7 13.Ne5 Ne6 14.Be3 Bd6 15.Bh3 Bxe5
16.dxe5 Nh5 17.Bd2 Ng5 18.Bg4 d4 19.h4 dxc3 20.Bxg5 Qxd1 21.Rfxd1 cxb2 22.Rb1 f6
23.Be3 g6 24.Be6+ Kh8 25.Bd4 Rae8 26.Bb3 fxe5 27.Bxb2 Re7 28.Rd6 Rfe8 29.Rbd1 Kg7
30.f4 Nxg3 31.Kg2 Nxe2 32.fxe5 Nf4+ 33.Kg3 Nd5 34.Re1 h6 35.h5 Re6 36.Rd7+ R8e7
37.Rd8 a5 38.hxg6 h5 39.Bc2 Re8  0-1

[Event "Mislata op 4th"]
[Site "Mislata"]
[Date "1995.??.??"]
[Round "3"]
[White "Komljenovic, Davor"]
[Black "Arizmendi Martinez, Julen Luis"]
[Result "1-0"]
[WhiteElo "2485"]
[BlackElo "2225"]

1.c4 e6 2.Nf3 d5 3.d4 c6 4.Nc3 f5 5.Bg5 Nf6 6.e3 Be7 7.Qc2 Ne4 8.Bxe7 Qxe7
9.cxd5 Nxc3 10.d6 Qxd6 11.Qxc3 O-O 12.Bc4 Nd7 13.O-O Nf6 14.Rac1 Rf7 15.Bb3 Rc7
16.Qc5 Qxc5 17.dxc5 Kf8 18.Ne5 Ke7 19.f4 Bd7 20.Rfd1 Rd8 21.Rd4 Bc8 22.Ra4 a6
23.Rd4 Rxd4 24.exd4 Nd5 25.g3 Bd7 26.Kf2 Rc8 27.Re1 Kd8 28.Rg1 Kc7 29.Kf3 Rg8
30.g4 fxg4+ 31.Rxg4 g6 32.Bxd5 exd5 33.Rh4 h5 34.Nxg6 Bg4+ 35.Ke3 Re8+ 36.Ne5 Rg8
37.Nxg4 hxg4 38.Kf2 Rg7 39.Kg3 Re7 40.Rxg4 Re2 41.h4  1-0

[Event "JUG-ch sf (Women)"]
[Site "Nis"]
[Date "1995.??.??"]
[Round "?"]
[White "Miloradovic, Jelena"]
[Black "Boskovic, Malina"]
[Result "1/2-1/2"]
[WhiteElo "2075"]
[BlackElo "2055"]

1.c4 e6 2.Nf3 d5 3.b3 f5 4.Bb2 Nf6 5.g3 c6 6.Bg2 Bd6 7.O-O O-O 8.d4 Nbd7
9.Nbd2 Qe7 10.Ne5 g5 11.e3 Qg7 12.f4 g4 13.c5 Bc7 14.b4 Ne4 15.a4 Nxd2 16.Qxd2 h5
17.b5 Nxe5 18.dxe5 Bd7 19.Qe2 Qe7 20.Bd4 Rf7 21.Rfc1 Rh7 22.b6 Bd8 23.a5 a6
24.Kf2 h4 25.Rh1 Qg7 26.Qc2 Be7 27.Rac1 Rf8 28.Qb1  1/2-1/2

[Event "JUG-chT"]
[Site "Nis"]
[Date "1995.??.??"]
[Round "?"]
[White "Keca, Dragomir"]
[Black "Cabarkapa, Velibor"]
[Result "0-1"]
[WhiteElo "2250"]
[BlackElo "2355"]

1.c4 e6 2.Nf3 d5 3.g3 c6 4.b3 Nf6 5.Bg2 Nbd7 6.Bb2 Be7 7.O-O O-O 8.d3 b6
9.e4 dxe4 10.dxe4 Bb7 11.e5 Ne8 12.Qe2 Nc5 13.Nd4 Qc7 14.Nd2 Rd8 15.f4 g6
16.Rad1 Ng7 17.g4 Rfe8 18.Kh1 a6 19.Ba1 h5 20.h3 hxg4 21.hxg4 g5 22.b4 Nd7
23.N4f3 c5 24.Nxg5 Bxg5 25.fxg5 cxb4 26.Bd4 Nf8 27.Bxb7 Qxb7+ 28.Ne4 Ng6
29.Qf3 Re7 30.Kg1 Ne8 31.Qe3 Red7 32.Nf6+ Nxf6 33.gxf6 Kf8 34.Rf2 Ke8 35.Rfd2 Qc6
36.Qe2 Nh4 37.Kf2 Qg2+ 38.Ke3 Qg3+ 39.Ke4 Ng6 40.Qf3 Rxd4+ 41.Rxd4 Qxe5+
42.Kd3  0-1

[Event "NLD-chT9596"]
[Site "?"]
[Date "1995.??.??"]
[Round "?"]
[White "Bosboom, Manuel"]
[Black "Van der Sterren, Paul"]
[Result "0-1"]
[WhiteElo "2430"]
[BlackElo "2560"]

1.c4 e6 2.Nf3 d5 3.d4 Nf6 4.Nc3 Be7 5.Qc2 O-O 6.Bg5 h6 7.Bxf6 Bxf6 8.Rd1 c5
9.cxd5 cxd4 10.Nxd4 exd5 11.e3 Nc6 12.Be2 Nxd4 13.exd4 Be6 14.Qb3 Qd6 15.O-O g6
16.Rfe1 Rab8 17.Bf3 Rbd8 18.Qxb7 Rd7 19.Qb5 Rb8 20.Qe2 Rb4 21.a3 Rc4 22.g3 Re7
23.Qf1 a6 24.Be2 Rxd4 25.Bxa6 Rxd1 26.Rxd1 Bxc3 27.bxc3 Qxa3 28.Qd3 Rc7 29.Qe2 Qxc3
30.Bd3 Kg7 31.h4 h5 32.Rb1 Bg4 33.Qe3 Rc6 34.Bf1 Qf6 35.Rb7 Bf3 36.Rb8 Re6
37.Qc5 Kh7 38.Rb7 Re1 39.Qa5  0-1

[Event "Novgorod op"]
[Site "Novgorod"]
[Date "1995.??.??"]
[Round "5"]
[White "Yasinsky, V."]
[Black "Skomorokhin, Roman"]
[Result "1/2-1/2"]
[WhiteElo "2385"]
[BlackElo "2465"]

1.c4 e6 2.Nf3 d5 3.d4 Nf6 4.Nc3 dxc4 5.e4 c5 6.Bxc4 cxd4 7.Nxd4 Nbd7 8.O-O Qc7
9.Bxe6 fxe6 10.Ncb5 Qb6 11.Nxe6 Nc5 12.Nbc7+ Ke7 13.e5 Bxe6 14.exf6+ gxf6
15.Nxa8 Qc6 16.Bf4 Rg8 17.f3 Bc4 18.b3 Bxf1 19.Qxf1 Ne6 20.Rc1 Qd5 21.Be3 Qe5
22.Qe1 Kf7 23.Bxa7 Qxe1+ 24.Rxe1 Bb4 25.Rxe6 Kxe6 26.Nc7+ Kd6 27.Nb5+ Kd5
28.Nc7+ Kc6 29.Ne6 Re8 30.Nd4+ Kd5 31.Nc2 Bc5+ 32.Bxc5 Kxc5 33.Kf2 b5 34.a4 b4
35.g4 Re7 36.h4 Rc7 37.Ke3 Rd7 38.h5 h6 39.f4 Rg7 40.Kf3 Rd7 41.Ke3 Rg7 42.Kf3 Rg8
43.a5 Rg7 44.Ne3 Ra7 45.g5 fxg5 46.fxg5 Rxa5 47.gxh6 Kd4 48.Nc2+ Kc3 49.Nxb4  1/2-1/2

[Event "JUG-ch"]
[Site "Novi Sad"]
[Date "1995.??.??"]
[Round "?"]
[White "Simic, Radoslav"]
[Black "Abramovic, Bosko"]
[Result "1/2-1/2"]
[WhiteElo "2485"]
[BlackElo "2520"]

1.c4 e6 2.Nf3 d5 3.d4 Nf6 4.Nc3 Be7 5.Bg5 h6 6.Bxf6 Bxf6 7.e3 O-O 8.Rc1 c6
9.Bd3 Nd7 10.O-O dxc4 11.Bxc4 e5 12.Ne4 exd4 13.Nxf6+ Nxf6 14.Qxd4  1/2-1/2

[Event "Odorheiu Secuiesc zt"]
[Site "Odorheiu Secuiesc"]
[Date "1995.??.??"]
[Round "1"]
[White "Mozny, Milos"]
[Black "Dumitrache, Dragos"]
[Result "0-1"]
[WhiteElo "2435"]
[BlackElo "2530"]

1.c4 e6 2.Nf3 d5 3.d4 c6 4.cxd5 exd5 5.Nc3 Nf6 6.Qc2 Be7 7.Bg5 Nbd7 8.e3 O-O
9.Bd3 Re8 10.O-O Nf8 11.Bxf6 Bxf6 12.b4 a6 13.a4 Bg4 14.Nd2 Be7 15.b5 a5
16.bxc6 bxc6 17.Na2 Bd6 18.Rfc1 Qf6 19.Nf1 Rac8 20.Rab1 Ng6 21.Rb6 Ba3 22.Rcb1 Nh4
23.R1b3 Nxg2 24.Rxa3 Ne1 25.Qc1 Qf3 26.Qxe1  0-1

[Event "Odorheiu Secuiesc zt"]
[Site "Odorheiu Secuiesc"]
[Date "1995.??.??"]
[Round "5"]
[White "Horvath, Jozsef"]
[Black "Matlak, Marek"]
[Result "1/2-1/2"]
[WhiteElo "2520"]
[BlackElo "2465"]

1.c4 e6 2.Nf3 d5 3.g3 dxc4 4.Qa4+ c6 5.Qxc4 b5 6.Qc2 Bb7 7.Bg2 Nf6 8.O-O Nbd7
9.d3 Be7 10.b3 O-O 11.Bb2 c5 12.Nbd2 Qb6 13.Rac1 Rac8 14.Qb1 Rfd8 15.Qa1 a6
16.Rc2 Qa7 17.Rfc1  1/2-1/2

[Event "CZE-ch"]
[Site "Olomouc"]
[Date "1995.??.??"]
[Round "?"]
[White "Meduna, Eduard"]
[Black "Zurek, Milan"]
[Result "1-0"]
[WhiteElo "2480"]
[BlackElo "2420"]

1.c4 e6 2.Nf3 d5 3.d4 c6 4.Qc2 Nf6 5.g3 b5 6.c5 Ne4 7.Bg2 f5 8.Ne5 a5 9.O-O Be7
10.Nd2 Nf6 11.a3 O-O 12.Ndf3 Bd7 13.Nd3 Be8 14.Ng5 Qc8 15.f3 h6 16.Nh3 Ra7
17.Nhf2 Bg6 18.Bd2 Bh7 19.Rae1 Ne4 20.fxe4 fxe4 21.Ne5 e3 22.Nfd3 exd2 23.Rxf8+ Kxf8
24.Qxd2 Bg5 25.Nf4 Kg8 26.h4 Bxf4 27.Qxf4 Re7 28.Bh3 Be4 29.Rf1 Qe8 30.Bg4 a4
31.Rf2 Nd7 32.Nxc6 Rf7 33.Qxf7+ Qxf7 34.Rxf7 Kxf7 35.Nd8+ Ke7 36.Nxe6 Nf6
37.Bh3 Ne8 38.Kf2 Kf6 39.c6 g6 40.c7 Nd6 41.Nf4  1-0

[Event "Rubinstein mem"]
[Site "Polanica Zdroj"]
[Date "1995.??.??"]
[Round "1"]
[White "Markowski, Tomasz"]
[Black "Sosonko, Gennadi"]
[Result "1/2-1/2"]
[WhiteElo "2530"]
[BlackElo "2525"]

1.c4 e6 2.Nf3 d5 3.b3 Be7 4.Bb2 Nf6 5.cxd5 exd5 6.e3 O-O 7.Be2 Bd6 8.O-O Re8
9.d3 c5 10.d4 cxd4 11.Nxd4 Nc6 12.Nd2 Bd7 13.N2f3 a6 14.Rc1 Qe7 15.Qc2 Ne4
16.Qb1 Bg4 17.Nxc6 bxc6 18.Qd3 Bd7 19.Rc2 a5 20.Qd4 f6 21.Rfc1 Rec8 22.Bd3 Bb4
23.Bxe4 Qxe4 24.Qxe4 dxe4 25.Nd2 Bxd2 26.Rxd2 Be6 27.Rd4 a4 28.Rxe4 Bd5 29.Rxa4 Rxa4
30.bxa4 Ra8 31.a3 Rxa4 32.f3 f5 33.Kf2 Kf7 34.Rd1 Rc4 35.Be5 g5 36.Rd2 Ke6
37.Bg7 h5  1/2-1/2

[Event "Rostov on Don (Women)"]
[Site "Rostov"]
[Date "1995.??.??"]
[Round "2"]
[White "Alexandria, Nana"]
[Black "Shumiakina, Tatiana"]
[Result "0-1"]
[WhiteElo "2350"]
[BlackElo "2350"]

1.c4 e6 2.Nf3 d5 3.b3 Nf6 4.g3 c5 5.Bg2 Nc6 6.cxd5 exd5 7.O-O Be7 8.Bb2 O-O
9.d4 Re8 10.Nc3 Bg4 11.dxc5 Bxc5 12.Rc1 Bf8 13.Rc2 Qa5 14.Qa1 d4 15.Nd1 Bf5
16.Rc4 Rxe2 17.Ra4 Qc7 18.Nxd4 Nxd4 19.Bxd4 Be4 20.Bxf6 Bxg2 21.Kxg2 Qc6+
22.Kg1 Qxf6 23.Qxf6 gxf6  0-1

[Event "RUS Army-ch"]
[Site "RUS"]
[Date "1995.??.??"]
[Round "?"]
[White "Legky, Nikolay A"]
[Black "Annakov, Babakuli"]
[Result "1/2-1/2"]
[WhiteElo "2505"]
[BlackElo "2420"]

1.c4 e6 2.Nf3 d5 3.g3 Nf6 4.Bg2 Be7 5.O-O O-O 6.d4 c5 7.cxd5 exd5 8.Nc3 Nc6
9.dxc5 Bxc5 10.Bg5 d4 11.Bxf6 Qxf6 12.Nd5 Qd8 13.Nd2 Re8 14.Rc1 Bb6 15.Nb3 Bg4
16.Re1 Ba5 17.Nxa5 Qxa5 18.b4 Nxb4 19.Qd2 Nc6 20.Qxa5 Nxa5 21.Nc7 d3 22.exd3 Rxe1+
23.Rxe1 Rc8 24.Nb5 g6 25.Nxa7 Rc2 26.a4 Be2 27.Be4 f5 28.Bd5+ Kg7 29.Nb5  1/2-1/2

[Event "Sala op"]
[Site "Sala"]
[Date "1995.??.??"]
[Round "8"]
[White "Ianov, Viktor"]
[Black "Proehl, Holger"]
[Result "1/2-1/2"]
[WhiteElo "2360"]
[BlackElo "2350"]

1.c4 e6 2.Nf3 d5 3.g3 Nf6 4.Bg2 Be7 5.O-O O-O 6.b3 c5 7.Bb2 Nc6 8.e3 b6 9.Qe2 Bb7
10.d3 Qc7 11.Nc3 Rad8 12.Rac1 Qb8 13.Rfd1 Rfe8 14.a3 Bf8 15.Nb1 e5 16.cxd5 Nxd5
17.Nbd2 g6 18.Nc4 Bg7 19.h4 Nc7 20.h5 Ne6 21.hxg6 hxg6 22.Ba1 Nf8 23.Ng5 Qc7
24.Ne4 Qe7 25.Nc3 Nb8 26.Bxb7 Qxb7 27.b4 Na6 28.Ne4 Qe7 29.bxc5 Nxc5 30.Nxc5 bxc5
31.Rb1 Rb8 32.a4 Red8 33.Qc2 Qe6 34.Rxb8 Rxb8 35.Rb1 Rxb1+ 36.Qxb1 e4 37.Bxg7 Kxg7
38.Qc2 exd3 39.Qxd3 Qd7 40.Qc2 Ne6 41.f4 Nc7 42.Nd2 Qc6 43.Ne4 c4 44.Qc3+ f6
45.Qd4 a6 46.Nc3 Ne6 47.Qa7+ Kf8 48.Qb8+ Kg7 49.Qa7+ Kf8  1/2-1/2

[Event "Chigorin mem"]
[Site "St Petersburg"]
[Date "1995.??.??"]
[Round "5"]
[White "Bursteinas, Romanas"]
[Black "Tkacheva, Lyuba"]
[Result "1-0"]
[WhiteElo "2195"]
[BlackElo "2050"]

1.c4 e6 2.Nf3 d5 3.g3 Nf6 4.Bg2 c5 5.d4 Nc6 6.cxd5 exd5 7.Nc3 Be7 8.O-O O-O
9.Bf4 cxd4 10.Nxd4 Bg4 11.Rc1 Qb6 12.Nb3 Rfd8 13.h3 Be6 14.Na4 Qb5 15.Nbc5 Rac8
16.Nd3 Ne4 17.b3 Ba3 18.Rc2 Nd4 19.Rxc8 Rxc8 20.Be5 Nc6 21.Ba1 Bd6 22.Nc3 Nxc3
23.Bxc3 Ne7 24.Qa1 f6 25.Rc1 Qd7 26.Kh2 Ng6 27.Bd2 Nh4 28.Bf1 Ng6 29.Qd4 Rxc1
30.Bxc1 b6 31.Bg2 Be5 32.Nxe5 fxe5 33.Qd3 Qd6 34.Bb2 Ne7 35.e3 Nc6 36.f4 exf4
37.exf4 Ne7 38.Be5 Qd7 39.Qc3 Nc6 40.Bxg7 Qxg7 41.Qxc6 Qf7 42.Qd6 h5 43.g4 hxg4
44.hxg4  1-0

[Event "Stockholm"]
[Site "Stockholm"]
[Date "1995.??.??"]
[Round "3"]
[White "Davies, Nigel R"]
[Black "Bator, Robert"]
[Result "1/2-1/2"]
[WhiteElo "2505"]
[BlackElo "2425"]

1.c4 e6 2.Nf3 d5 3.d4 dxc4 4.e4 b5 5.a4 c6 6.b3 Bb4+ 7.Bd2 Bxd2+ 8.Qxd2 Nf6
9.e5 Ne4 10.Qe3 Qa5+ 11.Nbd2 Nxd2 12.Nxd2 cxb3 13.Bd3 bxa4 14.O-O Ba6 15.Nxb3 Qb6
16.Nc5 Bxd3 17.Qxd3 O-O 18.Rfb1 Qd8 19.Rb7 Qd5 20.Ne4 c5 21.Ng5 g6 22.Qh3 h5
23.Rc7 Na6 24.Re7 Rae8 25.Rxa7 Nb4 26.Qh4 Qxd4 27.Qxd4 cxd4 28.R7xa4 Nc2
29.Rd1 Ra8 30.Rc4 Rfc8 31.Rxc8+ Rxc8 32.Kf1 Rc5 33.Nf3 g5 34.Nxg5 Rxe5 35.Nf3 Rd5
36.Ke2 e5 37.Kd3 Na3 38.Ke4 Rd8 39.Nxe5 Re8 40.Kf5 Nb5 41.Nd3 Nd6+ 42.Kg5 Kg7
43.Ra1 Re2 44.Ra4 Ne4+ 45.Kxh5 Nxf2 46.Nxf2  1/2-1/2

[Event "Stockholm"]
[Site "Stockholm"]
[Date "1995.??.??"]
[Round "6"]
[White "Cramling, Dan"]
[Black "Bator, Robert"]
[Result "1/2-1/2"]
[WhiteElo "2445"]
[BlackElo "2425"]

1.c4 e6 2.Nf3 d5 3.d4 dxc4 4.e3 a6 5.Bxc4 c5 6.O-O Nf6 7.Qe2 b5 8.Bb3 Bb7
9.Rd1 Nbd7 10.Nc3 Be7 11.e4 b4 12.e5 bxc3 13.exf6 Bxf6 14.bxc3 O-O 15.Ne5 Qc7
16.Bf4 Nxe5 17.Bxe5  1/2-1/2

[Event "JUG-chT"]
[Site "Tivat"]
[Date "1995.??.??"]
[Round "1"]
[White "Todorovic, Goran N"]
[Black "Lazic, Miroljub"]
[Result "1/2-1/2"]
[WhiteElo "2420"]
[BlackElo "2420"]

1.c4 e6 2.Nf3 d5 3.g3 c6 4.Qc2 Nf6 5.Bg2 Be7 6.O-O O-O 7.b3 Nbd7 8.Bb2 Re8
9.Nc3 b6 10.d4 Bb7 11.Rfd1 Qc7 12.Rac1 Rad8 13.Nd2 Qb8 14.e4 dxe4 15.Ndxe4 c5
16.Qe2 Nxe4 17.Nxe4 cxd4 18.Bxd4  1/2-1/2

[Event "JUG-chT"]
[Site "Tivat"]
[Date "1995.??.??"]
[Round "1"]
[White "Cabrilo, Goran"]
[Black "Nikcevic, Nebojsa"]
[Result "1/2-1/2"]
[WhiteElo "2470"]
[BlackElo "2470"]

1.c4 e6 2.Nf3 d5 3.b3 Be7 4.Bb2 Bf6 5.Nc3 b6 6.d4 Bb7 7.cxd5 exd5 8.g3 Ne7
9.Bg2 O-O 10.O-O Na6 11.e3 Qd6 12.Ne5 Bxe5 13.dxe5 Qd7 14.Ne2 c5 15.Nf4 Rad8
16.Qh5 d4 17.e6 Qc8 18.Bxb7 Qxb7 19.exd4 cxd4 20.Rad1 Nc6 21.Rfe1 Nc5 22.e7 Nxe7
23.Rxd4 Ng6 24.Nxg6 hxg6  1/2-1/2

[Event "Tivat op"]
[Site "Tivat"]
[Date "1995.??.??"]
[Round "2"]
[White "Pavlovic, Milos"]
[Black "Kiroski, Toni"]
[Result "0-1"]
[WhiteElo "2505"]
[BlackElo "2345"]

1.c4 e6 2.Nf3 d5 3.g3 c6 4.Qc2 Nf6 5.Bg2 Be7 6.O-O O-O 7.d4 b6 8.Nbd2 Bb7
9.e4 dxe4 10.Nxe4 Nbd7 11.Rd1 Nxe4 12.Qxe4 Nf6 13.Qe2 Re8 14.Ne5 Qc8 15.Qf3 Bd6
16.Nxc6 e5 17.dxe5 Bxe5 18.Rb1 Re6 19.Nxe5 Bxf3 20.Nxf3 Qxc4 21.Ng5 Ree8
22.Bxa8 Rxa8 23.Be3 h6 24.Nf3 Qxa2 25.Bd4 Rd8 26.Re1 Nd5 27.Ra1 Qb3 28.Ra3 Qb5
29.Rxa7 Re8 30.Rxe8+ Qxe8 31.Ne5 f6 32.Nf3 Qe4 33.Ra3 b5 34.h3 b4 35.Ra8+ Kh7  0-1

[Event "JUG-chT"]
[Site "Tivat"]
[Date "1995.??.??"]
[Round "7"]
[White "Cvetkovic, Srdjan"]
[Black "Vasiljevic, Dragan"]
[Result "1/2-1/2"]
[WhiteElo "2435"]
[BlackElo "2425"]

1.c4 e6 2.Nf3 d5 3.d4 Nf6 4.Nc3 Bb4 5.e3 O-O 6.Bd3 Nc6 7.O-O a6 8.Qe2 Bd6
9.Rd1 dxc4 10.Bxc4 Qe8 11.Ng5 e5 12.Nge4 Nxe4 13.Nxe4 Bf5 14.Nxd6 cxd6 15.dxe5 dxe5
16.b3 Qe7 17.Bb2 Be6 18.Bd3 Qh4 19.Rac1 e4 20.Bc4 Rfe8 21.h3 h5 22.Rd6 Bxc4
23.Rxc4  1/2-1/2

[Event "Tivat op"]
[Site "Tivat"]
[Date "1995.??.??"]
[Round "8"]
[White "Grujic, Lazar"]
[Black "Certic, Branimir"]
[Result "0-1"]
[WhiteElo "2350"]
[BlackElo "2435"]

1.c4 e6 2.Nf3 d5 3.g3 dxc4 4.Qa4+ Nd7 5.Qxc4 a6 6.d4 c5 7.dxc5 Bxc5 8.Bg2 b5
9.Qb3 Bb7 10.O-O Ngf6 11.a4 O-O 12.Nfd2 Bxg2 13.Kxg2 Bb6 14.axb5 axb5 15.Rxa8 Qxa8+
16.Nf3 Rb8 17.Na3 Nc5 18.Qxb5 Nce4 19.Qe5 Bxf2 20.Nc4 Rc8 21.b3 Ng4 22.Qb2 Ba7
23.Rd1 h5 24.Qc2 Qb7 25.Qa2 Nc3  0-1

[Event "FRA-ch"]
[Site "Toulouse"]
[Date "1995.??.??"]
[Round "5"]
[White "Bauer, Christian"]
[Black "Grimberg, Gilbert"]
[Result "1-0"]
[WhiteElo "2420"]
[BlackElo "2275"]

1.c4 e6 2.Nf3 d5 3.g3 Nf6 4.Bg2 c5 5.O-O Nc6 6.cxd5 exd5 7.d4 Be7 8.Nc3 O-O
9.Bg5 cxd4 10.Nxd4 h6 11.Be3 Re8 12.Qb3 Na5 13.Qc2 Nc4 14.Bf4 Bg4 15.h3 Bh5
16.Nf5 Rc8 17.Rad1 Bb4 18.Nxd5 Bxe2 19.Nde7+ Bxe7 20.Rxd8 Bxd8 21.Re1 Nd6
22.Qb1 Nxf5 23.Qxf5 Bb6 24.Bxb7 Rc5 25.Qb1 Ba5 26.Rc1 Rxc1+ 27.Qxc1 Bb6 28.Be3 Ba5
29.Bxa7 Ba6 30.Bxa6 Re1+ 31.Qxe1 Bxe1 32.Kf1 Ba5 33.Bb7 Nd7 34.a3 Bd2 35.b4 Kf8
36.Bc6 Ke7 37.Bxd7 Kxd7 38.Ke2 Bc3 39.Kd3 Be1 40.Bc5 g6 41.Ke2  1-0

[Event "SVK-ch"]
[Site "Trencin"]
[Date "1995.??.??"]
[Round "6"]
[White "Jelen, Peter"]
[Black "Zavadsky, Peter"]
[Result "0-1"]
[WhiteElo "2105"]
[BlackElo "2330"]

1.c4 e6 2.Nf3 d5 3.e3 Nf6 4.b3 Be7 5.Bb2 O-O 6.Be2 c5 7.O-O Nc6 8.d4 Ne4
9.Nbd2 Nf6 10.Bd3 cxd4 11.exd4 b6 12.Ne5 Bb7 13.Re1 dxc4 14.Ndxc4 Nb4 15.Bb1 b5
16.Ne3 Rc8 17.N5g4 a6 18.a4 bxa4 19.Rxa4 Nfd5 20.Nc4 Bc6 21.Ra1 Bb5 22.Nge5 Bf6
23.Re4 g6 24.Qf3 Bg7 25.Qh3 Nc6 26.Bc2 Nf6 27.Ree1 Nxe5 28.dxe5 Nd5 29.Ba3 Re8
30.Bd6 Bxc4 31.bxc4 Rxc4 32.Ba4 Re7 33.Bxe7 Qxe7 34.Bd1 Qb4 35.Be2 Rc3 36.Qg4 Qb8
37.Rab1 Qa7 38.Bf3 Rc2 39.Qh4 Nc3 40.Rb7 Qc5 41.Rb8+ Bf8 42.h3 Rd2 43.Re3 Nd1
44.Bxd1 Rxd1+ 45.Kh2 Rd5 46.Qh6 Qe7 47.Rc3 Rd8 48.Rxd8 Qxd8 49.Qc1 Qd4 50.f4 Bh6
51.Rf3 Bf8 52.Qc8 a5 53.h4 h5 54.Qc3 Qb6 55.Qc4 Be7 56.Kg3 Qb1 57.Rf1 Qb6
58.Rf3 Qg1 59.Qf1 Qd4 60.Qd3 Qg1 61.Qf1 Qd4 62.Rd3 Qb2 63.Qd1 Bc5 64.Qd2 Qa1
65.Qc3 Qg1 66.Rd8+ Kg7 67.Qf3 Bb4 68.Qe2 Be1+ 69.Kf3 Bxh4 70.Rd1 Qh2 71.Ke4 Bg3
72.Qf3 h4 73.Rb1 a4 74.Ra1 h3 75.Ra2 Qh1  0-1

[Event "Viernheim"]
[Site "Viernheim"]
[Date "1995.??.??"]
[Round "7"]
[White "Smejkal, Jan"]
[Black "Siegel, Georg"]
[Result "0-1"]
[WhiteElo "2520"]
[BlackElo "2480"]

1.c4 e6 2.Nf3 d5 3.d4 Nf6 4.g3 dxc4 5.Bg2 Nc6 6.O-O Rb8 7.e3 b5 8.Qe2 Be7
9.Rd1 Bb7 10.e4 O-O 11.Nc3 a6 12.Bf4 Re8 13.h4 Nd7 14.a3 Bd6 15.Bg5 Qc8 16.Bh3 e5
17.d5 Na5 18.h5 Nb3 19.Rab1 c5 20.dxc6 Qxc6 21.h6 Ndc5 22.Nd5 Nd4 23.Nxd4 exd4
24.Rxd4 Rxe4 25.Rxe4 Qxd5 26.Re8+ Bf8 27.Kh2 Rxe8 28.Qxe8 Qxg5  0-1

[Event "CUB-ch sf"]
[Site "Villa Clara"]
[Date "1995.??.??"]
[Round "6"]
[White "Leyva, Ricardo"]
[Black "Delgado Crespo, Mairelys"]
[Result "1-0"]
[WhiteElo "2300"]
[BlackElo "2135"]

1.c4 e6 2.Nf3 d5 3.e3 Nf6 4.b3 c5 5.Bb2 Nc6 6.a3 Be7 7.Qc2 O-O 8.g3 b6 9.Bg2 Bb7
10.O-O dxc4 11.bxc4 Qc7 12.d4 Rac8 13.Nbd2 cxd4 14.exd4 Na5 15.Rac1 Bd5 16.Ne5 Bxg2
17.Kxg2 Qb7+ 18.Kg1 Nxc4 19.Ndxc4 b5 20.Qb3 Ne4 21.Na5 Qa6 22.Nac6 Bg5 23.f4 Nd2
24.Qd3 Nxf1 25.fxg5 Qb7 26.Rxf1 f6 27.gxf6 gxf6 28.Qb3 Rce8 29.Na5 Qc7 30.Nec6  1-0

[Event "Zaragoza op-A"]
[Site "Zaragoza"]
[Date "1995.??.??"]
[Round "9"]
[White "Komljenovic, Davor"]
[Black "Campos Moreno, Javier B"]
[Result "1/2-1/2"]
[WhiteElo "2465"]
[BlackElo "2455"]

1.c4 e6 2.Nf3 d5 3.d4 Nf6 4.Nc3 Bb4 5.Bg5 Nbd7 6.cxd5 exd5 7.Qc2 c5 8.dxc5 h6
9.Bd2 O-O 10.e3 Bxc5 11.Bd3 a6 12.O-O Bd6 13.Rfd1 Nc5 14.Be2 Qe7 15.Be1 Rd8
16.Na4 Nxa4 17.Qxa4 Bf5 18.a3 Ne4 19.Bb4 Nc5 20.Bxc5 Bxc5 21.Qf4 Be4 22.Bd3 Bd6
23.Qg4 g6 24.Bxe4 dxe4 25.Nd4 h5 26.Qh3 Be5 27.Rd2 Rd6 28.Rad1 Rad8 29.b4 Qf6
30.Nb3 Bb2 31.Rxd6 Rxd6 32.Qc8+ Kh7 33.Rf1 Bxa3 34.Qxb7 Rb6 35.Qxe4 Bxb4
36.Nd4 a5 37.Qe8 Bc3 38.Nf3 Kg7 39.Rc1 Qc6 40.Qxc6 Rxc6 41.Nd4 Rb6 42.Kf1 Bxd4
43.exd4 a4 44.Rc3 Kf6 45.Ke2 Ke6 46.Kd3 Rb2 47.Ke3 Kd6 48.Ra3 Rb4 49.Rc3 Rb7
50.Ra3 Ra7 51.Kd3 Kd5 52.f3 h4 53.g4 g5 54.h3 f6 55.Ke3 Kc4 56.Ke4 Kb4 57.Ra1 a3
58.d5 Ra6 59.Kf5 Kb3 60.Kg6 Kb2 61.Re1 a2 62.Kf7 Rd6 63.Re2+ Kb3 64.Re3+ Kb4
65.Re4+ Kb5 66.Re1 Kc4 67.Re4+ Kxd5 68.Ra4 Ke5 69.Re4+ Kd5 70.Ra4 Rb6 71.Rxa2 Ke5
72.Ra4 Rb3 73.Re4+ Kd5 74.Re6 Rxf3 75.Rxf6 Rxh3 76.Kg6 Rg3 77.Kxg5 h3 78.Kf4 Rg2
79.Rh6 h2 80.Kf3 Ra2 81.Kg3 Ke5 82.Rxh2 Rxh2 83.Kxh2 Kf4 84.Kh3  1/2-1/2

[Event "Zlin-B"]
[Site "Zlin"]
[Date "1995.??.??"]
[Round "?"]
[White "Shtyrenkov, Veniamen"]
[Black "Cech, Pavel"]
[Result "1-0"]
[WhiteElo "2455"]
[BlackElo "2360"]

1.Nf3 e6 2.c4 d5 3.d4 Nf6 4.Nc3 c5 5.cxd5 Nxd5 6.e4 Nxc3 7.bxc3 cxd4 8.cxd4 Bb4+
9.Bd2 Bxd2+ 10.Qxd2 O-O 11.Bc4 Nc6 12.O-O Rb8 13.Rac1 Bd7 14.Bd3 Ne7 15.Rc5 Ng6
16.Rg5 Bc6 17.h4 f6 18.Rc5 e5 19.d5 Bd7 20.Rfc1 f5 21.Qg5 Nf4 22.Bc4 fxe4
23.Nxe5 b5 24.Bf1 h6 25.Qxd8 Rfxd8 26.Nc6 Bxc6 27.dxc6 Rbc8 28.c7 Rd6 29.Rxb5 Ng6
30.g3 Ne7 31.Bh3  1-0